| 000 | 00540nam a2200181 a 4500 | ||
|---|---|---|---|
| 005 | 20210223120718.0 | ||
| 008 | 991125s1955 ea 000 0 spa u | ||
| 035 | _aUPN01000005959 | ||
| 049 | _aC | ||
| 050 | 4 |
_aG3292 C3 _bU5.2 1955 |
|
| 110 | 2 | _aUnión Panamericana | |
| 245 | 1 | 0 |
_aBosquejos de las repúblicas de la OEA / _cUnión Panamericana. |
| 260 |
_aWashington, D.C. : _bOEA, _c1955. |
||
| 300 |
_a[42] p. : _bil., mapas |
||
| 500 | _aDisponible en la Colección Medina | ||
| 651 | 4 |
_aAMERICA LATINA - _vMAPAS _93983 |
|
| 905 | _aLibro | ||
| 999 |
_c5959 _d5959 |
||